| 000 | 01374cam a2200289 i 4500 | ||
|---|---|---|---|
| 999 |
_c57748 _d57748 |
||
| 001 | 17557746 | ||
| 005 | 20201022141414.0 | ||
| 008 | 121210s2013 enka b 001 0 eng | ||
| 020 | _a9781107459649 | ||
| 041 | _aeng | ||
| 080 | _a343 L-49 | ||
| 245 | 0 | 0 |
_aLegal and economic principles of world trade law / _cedited by Henrik Horn, Research Institute of Industrial Economics, Stockholm; Petros C. Mavroidis, European University Institute. |
| 264 | 1 |
_aCambridge, England : _bCambridge University Press, _c2013. |
|
| 300 |
_a367 pages : _billustrations ; _c24 cm. |
||
| 490 | 0 | _aAmerican law institute reporters studies on WTO law | |
| 504 | _aIncludes bibliographical references and index. | ||
| 505 | 0 | _aThe genesis of the GATT summary -- Why the WTO? : an introduction to the economics of trade agreements -- Border instruments -- National treatment. | |
| 610 | 2 | 0 |
_aWorld Trade Organization. _99662 |
| 610 | 2 | 0 |
_aGeneral Agreement on Tariffs and Trade (Organization). _99663 |
| 650 | 0 |
_aForeign trade regulation. _99664 |
|
| 650 | 0 |
_aForeign trade regulation _xEconomic aspects. _99665 |
|
| 653 | _aსამართალი | ||
| 653 | _aეკონომიკური ასპექტეპი | ||
| 700 | 1 |
_aHorn, Henrik. _eრედაქტორი _99666 |
|
| 700 | 1 |
_aMavroidis, Petros C. _eრედაქტორი _99667 |
|
| 942 |
_2udc _cBK |
||